00285nam a22000977a 4500082001800000100003000018245006600048260002600114300000700140650004000147 a633.18 PAS/IN aI C PasaluaGururaj Katti aIntegrated Pest Management In Rainfed Rice Production Systems aHyderabadbICARc2005 a47 ainsect pestsaimplimentation of IPM